000 00454nam a2200181Ia 4500
001 3794
005 20260306145709.0
008 260306t1990||||xx |||||||||||||| ||spa||
041 _aESP
082 _a303.48272073
_bF72
100 _aFoley, Douglas E.
_eAUT
245 0 _aLearning capitalist culture, deep in the heart of tejas
260 _c1990
300 _a247 páginas :
_c23 cm.
650 _aGEN
654 _aCHU
942 _cLIB
_dJUS
_fJUS
_2ddc
_n
999 _c3794
_d3794